Shakespeare (Not) in Love Quiz Stats

 Plays Quiz Updated Mar 24, 2020

Support Sporcle.
Go Orange.
Score 0/18 Timer 07:00
0 Plays Today
Quote Character % Correct
Is love a tender thing? It is too rough, too rude, too boisterous, and it pricks like thorn.Romeo
87.3%
My only love sprung from my only hate. Too early seen unknown, and known too late.Juliet
86.3%
Then must you speak of one that loved not wisely, but too well.Othello
68.8%
He is already dead, stabbed with a white wench’s black eye, run through the ear with a love song, the very pin of his heart cleft with the blind bow-boy’s butt-shaft.Mercutio
43.5%
I had rather hear my dog bark at a crow than a man swear he loves me.Beatrice
43.4%
No, do thy worst, blind Cupid, I'll not love.King Lear
42.3%
I take this, that you call love, to be a sect or scion.Iago
40.9%
I do suffer love indeed, for I love thee against my will.Benedick
39.6%
Love looks not with the eyes, but with the mind, and therefore is winged cupid painted blind.Helena
35.2%
Quote Character % Correct
O me! You juggler! You cankerblossom! You thief of love!Hermia
33.3%
I pray you do not fall in love with me, for I am falser than vows made in wine. Besides, I like you not.Rosalind
29.2%
So I to her, and so she yields to me, for I am rough and woo not like a babe.Petruchio
24%
Tempt not too much the hatred of my spirit, for I am sick when I do look on thee.Demetrius
23.7%
Reason and love keep little company together nowadays. The more the pity that some honest neighbors will not make them friends.Bottom
21.9%
To be wise and love exceeds man’s might.Cressida
17.4%
He is not like to marry me well; and not being well married, it will be a good excuse for me hereafter to leave my wife.Touchstone
12.5%
The worst fault you have is to be in love.Jaques
11.9%
The oath of a lover is no stronger than the word of a tapster.Celia
9.1%

You're not logged in!

Compare scores with friends on all Sporcle quizzes.
OR
Log In

From the Vault

Generonyms

by SporcleAdmin

You know you have made it is a company when your product is a generonym...Hint: to learn online. Answer: to Sporcle.
Remove Ads.
Support Sporcle.
Get the best of Sporcle when you Go Orange. This ad-free experience offers more features, more stats, and more fun while also helping to support Sporcle. Thank you for becoming a member.

Show Comments

Extras

Top Quizzes Today


Score Distribution

Your Account Isn't Verified!

In order to create a playlist on Sporcle, you need to verify the email address you used during registration. Go to your Sporcle Settings to finish the process.

Report this User

Report this user for behavior that violates our Community Guidelines.

Details: